Miasta w województwie mazowieckim - nagła śmierć - Statystyki

Ogólne statystyki
  • Ten quiz został rozwiązany 45 razy
  • Średni wynik to 10 z 14
Answers on the Grid
Answers color-coded by a green-red scale on the quiz's grid according to % correct below.
Warszawa
Radom
Legionowo
Siedlce
Łuków
Puławy
Płock
Płońsk
Żyrardów
Łomża
Sokołów Podlaski
Rawa Mazowiecka
Nidzica
Mława
Sierpc
Łowicz
Grójec
Końskie
Zwoleń
Wysokie Mazowieckie
Łęczyca
Ostrołęka
Dęblin
Gostynin
 
Statystyki odpowiedzi
Odpowiedź % Poprawnych
Warszawa
100%
Legionowo
91%
Radom
88%
Siedlce
88%
Płock
85%
Żyrardów
76%
Ostrołęka
71%
Płońsk
68%
Grójec
62%
Mława
62%
Gostynin
53%
Sokołów Podlaski
50%
Zwoleń
50%
Sierpc
47%
Nie znaleziono quizów pasujących do podanych kryteriów
Rozkład punktacji
Procent ludzi z każdym wynikiem
Percentyl według liczby udzielonych odpowiedzi
Twoja historia wyników
Nie rozwiązałeś tego quizu